| 000 | 00775nam a2200241Ia 4500 | ||
|---|---|---|---|
| 003 | GCL | ||
| 008 | 140319s9999 xx 000 0 ara d | ||
| 040 |
_aGCL / _cGCL |
||
| 082 | 0 | 4 |
_aق _b928.1 _bا ح |
| 100 | 1 | _aالسيد صالح مجدى | |
| 245 | 1 | 0 |
_aحليةالزمن بمناقب خادم الوطن سيرة رفاعة رافع الطهطاوى / _cالسيد صالح مجدى |
| 260 |
_a[S.N] : _bجمال الدين الشيال ، _c1958 |
||
| 300 | _a96 ص | ||
| 490 | _a | ||
| 650 | 0 | 4 | _aمصر |
| 650 | 0 | 4 | _aالتاريخ |
| 650 | 0 | 4 | _aالادباء |
| 650 | 0 | 4 | _aالترجمة |
| 650 | 0 | 4 | _aرفاعة الطهطاوى |
| 650 | 0 | 4 | _aالمصلحون الاجتماعيون |
| 650 | 0 | 4 | _aالمصلحون المصريون |
| 942 |
_2ddc _cBK |
||
| 999 |
_c27506 _d27506 |
||